[Event "Deutsche Ländermeisterschaft 2012"]
[Site "Hannover GER"]
[Date "2012.09.30"]
[Round "3"]
[White "Flüchter, Gregor"]
[Black "Scheftlein, Richard"]
[Result "1-0"]
[Termination "normal"]
[Board "6.6"]
[WhiteTitle "14"]
[BlackTitle "14"]
[WhiteElo "1951"]
[BlackElo "1827"]
[WhiteTeam "Nordrhein-Westfalen"]
[BlackTeam "Thüringen"]
[PlyCount "145"]
[WhiteFideId "12903396"]
[BlackFideId "12945609"]
[EventCountry "GER"]
[EventRounds "7"]
[EventType "team-swiss"]
[EventDate "2012.09.28"]

1. e4 e6 2. d4 d5 3. exd5 exd5 4. Nf3 Bd6 5. c4 dxc4 6. Bxc4 Nf6 7. Nc3 O-O 8.
O-O c6 9. Bg5 Be7 10. Re1 Nbd7 11. Qe2 Bb4 12. Ne5 Nb6 13. Bb3 Qd6 14. Qd3 Nbd5
15. a3 Ba5 16. Nc4 Qc7 17. Nxa5 Qxa5 18. Re5 Qb6 19. Na4 Qc7 20. h3 Nd7 21.
Ree1 Nf4 22. Qg3 Ne6 23. Bxe6 Qxg3 24. Bxf7+ Kxf7 25. fxg3 Re8 26. Rxe8 Kxe8
27. Re1+ Kf7 28. g4 h6 29. Bh4 Nb6 30. Nxb6 axb6 31. Re7+ Kf8 32. Rc7 Be6 33.
Rxb7 b5 34. Bg3 Rd8 35. Be5 Rd7 36. Rb6 Bd5 37. Ra6 Kf7 38. Kf2 Ke6 39. b4 Rf7+
40. Kg1 g6 41. a4 bxa4 42. b5 Kd7 43. b6 c5 44. dxc5 Kc6 45. Rxa4 Kxc5 46. Bc7
Bb7 47. Ra7 Kc6 48. Ra1 Rd7 49. Ra2 Rd3 50. Rf2 Kb5 51. Rf6 Rd1+ 52. Rf1 Rd3
53. Rf2 Kc5 54. Rc2+ Kb5 55. Kf2 Kb4 56. Rb2+ Kc5 57. Bf4 h5 58. gxh5 gxh5 59.
Be3+ Kc4 60. Rc2+ Kb5 61. Rc5+ Ka6 62. Rxh5 Rb3 63. g4 Rb2+ 64. Kg3 Rg2+ 65.
Kf4 Rc2 66. Re5 Rh2 67. Kg3 Rg2+ 68. Kh4 Rh2 69. Re7 Rh1 70. Kg3 Rf1 71. h4
Rf3+ 72. Kh2 Rf8 73. h5 1-0

[Event "Deutsche Ländermeisterschaft 2012"]
[Site "Hannover GER"]
[Date "2012.09.30"]
[Round "3"]
[White "Nguyen, Huy Dat"]
[Black "Schrader, Elanor"]
[Result "1/2-1/2"]
[Termination "normal"]
[Board "6.7"]
[WhiteTitle "12"]
[BlackTitle "18w"]
[WhiteElo "1761"]
[BlackElo "1769"]
[WhiteTeam "Thüringen"]
[BlackTeam "Nordrhein-Westfalen"]
[PlyCount "43"]
[WhiteFideId "12923486"]
[BlackFideId "12951919"]
[EventCountry "GER"]
[EventRounds "7"]
[EventType "team-swiss"]
[EventDate "2012.09.28"]

1. d4 Nf6 2. c4 e5 3. dxe5 Ng4 4. Bf4 Nc6 5. Nf3 Bb4+ 6. Nc3 Qe7 7. Qd5 Bxc3+
8. bxc3 Qa3 9. Rc1 Qxa2 10. h3 Nh6 11. Bxh6 gxh6 12. e4 Qb2 13. Qd1 Rg8 14. g3
b6 15. Nd4 Nxe5 16. f4 Ng6 17. Nb5 Kd8 18. Rb1 Qa2 19. Ra1 Qb2 20. Rb1 Qa2 21.
Ra1 Qb2 22. Rb1 1/2-1/2

[Event "Deutsche Ländermeisterschaft 2012"]
[Site "Hannover GER"]
[Date "2012.09.30"]
[Round "3"]
[White "Möller, Lisa-Marie"]
[Black "Allin, Katharina"]
[Result "1-0"]
[Termination "normal"]
[Board "6.8"]
[WhiteTitle "12w"]
[BlackTitle "12w"]
[WhiteElo "1347"]
[BlackElo "1135"]
[WhiteTeam "Nordrhein-Westfalen"]
[BlackTeam "Thüringen"]
[PlyCount "47"]
[WhiteFideId "12959367"]
[BlackFideId "12903779"]
[EventCountry "GER"]
[EventRounds "7"]
[EventType "team-swiss"]
[EventDate "2012.09.28"]

1. e4 e5 2. Bc4 Nf6 3. d4 exd4 4. Nf3 Bc5 5. e5 Ne4 6. Bd5 f5 7. Qe2 Bb4+ 8.
Bd2 Nxd2 9. Nbxd2 Nc6 10. Qd3 Qe7 11. Bxc6 dxc6 12. Qxd4 O-O 13. O-O Rd8 14.
Qf4 Rd5 15. c3 Bc5 16. b4 g5 17. Nxg5 Rxe5 18. bxc5 Rxc5 19. Rfe1 Qf6 20. Re8+
Kg7 21. Qxc7+ Kg6 22. Rg8+ Kh5 23. Qxh7+ Qh6 24. Qf7+ 1-0

[Event "Deutsche Ländermeisterschaft 2012"]
[Site "Hannover GER"]
[Date "2012.09.30"]
[Round "3"]
[White "Krause, Benedict"]
[Black "Frischmann, Rick"]
[Result "0-1"]
[Termination "normal"]
[Board "7.1"]
[WhiteTitle "16"]
[BlackTitle "18"]
[WhiteElo "2074"]
[BlackElo "2150"]
[WhiteTeam "Schleswig-Holstein"]
[BlackTeam "Saarland"]
[PlyCount "61"]
[WhiteFideId "12917990"]
[BlackFideId "24660752"]
[EventCountry "GER"]
[EventRounds "7"]
[EventType "team-swiss"]
[EventDate "2012.09.28"]

1. e4 c5 2. Nf3 e6 3. d3 Nc6 4. g3 d5 5. Qe2 Be7 6. Bg2 Nf6 7. O-O O-O 8. e5
Nd7 9. c4 f6 10. exf6 Nxf6 11. Bf4 Qb6 12. h4 Kh8 13. b3 Bd7 14. Nc3 Rae8 15.
Ne5 Nd4 16. Qd1 Bc6 17. Nxc6 bxc6 18. Na4 Qd8 19. Rc1 Nd7 20. Be3 Nf5 21. Qc2
Nxe3 22. fxe3 Bd6 23. Rxf8+ Rxf8 24. Rf1 Bxg3 25. Rxf8+ Qxf8 26. h5 Qf5 27. Qe2
h6 28. e4 Qe5 29. Qf3 Nf6 30. Nxc5 Ng4 31. Nd7 0-1

[Event "Deutsche Ländermeisterschaft 2012"]
[Site "Hannover GER"]
[Date "2012.09.30"]
[Round "3"]
[White "Wild, Achim"]
[Black "Powierski, Emil"]
[Result "1-0"]
[Termination "normal"]
[Board "7.2"]
[WhiteTitle "20"]
[BlackTitle "16"]
[WhiteElo "2107"]
[BlackElo "2137"]
[WhiteTeam "Saarland"]
[BlackTeam "Schleswig-Holstein"]
[PlyCount "83"]
[WhiteFideId "4658728"]
[BlackFideId "4656199"]
[EventCountry "GER"]
[EventRounds "7"]
[EventType "team-swiss"]
[EventDate "2012.09.28"]

1. d4 Nf6 2. c4 e6 3. g3 d5 4. Nf3 Bb4+ 5. Bd2 Be7 6. Bg2 O-O 7. O-O c6 8. Qc2
b6 9. Rd1 Ba6 10. b3 Nbd7 11. a4 Ne4 12. Be1 Rc8 13. Na3 c5 14. Nb5 Bxb5 15.
axb5 Rc7 16. Ne5 Ndf6 17. Nc6 Qd7 18. f3 Nd6 19. e4 Nc8 20. e5 Ne8 21. Nb8 Qd8
22. Nc6 Qd7 23. Nb8 Qd8 24. Na6 Rd7 25. dxc5 bxc5 26. Nb8 Rc7 27. f4 Nb6 28.
Nc6 Qd7 29. Ba5 d4 30. Nxa7 Rxa7 31. Bxb6 Rxa1 32. Rxa1 d3 33. Qf2 Nc7 34. Bc6
Qc8 35. Qd2 f6 36. Qxd3 fxe5 37. Qd7 Qxd7 38. Bxd7 Ne8 39. fxe5 g6 40. Bxe6+
Kh8 41. Ra7 Bg5 42. Bxc5 1-0

[Event "Deutsche Ländermeisterschaft 2012"]
[Site "Hannover GER"]
[Date "2012.09.30"]
[Round "3"]
[White "Marx, Joschka"]
[Black "Grewenig, Jan"]
[Result "0-1"]
[Termination "normal"]
[Board "7.3"]
[WhiteTitle "20"]
[BlackTitle "16"]
[WhiteElo "2034"]
[BlackElo "1961"]
[WhiteTeam "Schleswig-Holstein"]
[BlackTeam "Saarland"]
[PlyCount "90"]
[WhiteFideId "24645869"]
[BlackFideId "4657330"]
[EventCountry "GER"]
[EventRounds "7"]
[EventType "team-swiss"]
[EventDate "2012.09.28"]

1. c4 c5 2. Nf3 Nc6 3. Nc3 g6 4. d4 cxd4 5. Nxd4 Bg7 6. Nxc6 bxc6 7. e4 d6 8.
Be2 Nf6 9. O-O O-O 10. Be3 Be6 11. Qc2 Qa5 12. f4 Rfd8 13. f5 Bc8 14. Rad1 Nd7
15. Kh1 Ne5 16. c5 Ba6 17. cxd6 Bxe2 18. Qxe2 Rxd6 19. Rxd6 exd6 20. fxg6 hxg6
21. Rd1 Qd8 22. Nb1 Qe7 23. Bd4 Rb8 24. Bc3 Qe6 25. a3 Qc4 26. Qxc4 Nxc4 27.
Bxg7 Kxg7 28. b4 Rd8 29. Rd4 d5 30. exd5 Rxd5 31. Rxd5 cxd5 32. Kg1 Kf6 33. Kf2
Ke5 34. Ke2 Kd4 35. h4 f5 36. g3 Ne3 37. Nd2 Nc2 38. Nf3+ Kc3 39. Ne5 d4 40.
Kd1 d3 41. Nf3 Ne3+ 42. Ke1 Nc4 43. Kd1 Nxa3 44. Ne5 Nc2 45. Nf3 Nxb4 0-1

[Event "Deutsche Ländermeisterschaft 2012"]
[Site "Hannover GER"]
[Date "2012.09.30"]
[Round "3"]
[White "Sonnhalter, Stella"]
[Black "Marx, Inga"]
[Result "1-0"]
[Termination "normal"]
[Board "7.4"]
[WhiteTitle "20w"]
[BlackTitle "18w"]
[WhiteElo "1856"]
[BlackElo "1785"]
[WhiteTeam "Saarland"]
[BlackTeam "Schleswig-Holstein"]
[PlyCount "73"]
[WhiteFideId "4624815"]
[BlackFideId "4654749"]
[EventCountry "GER"]
[EventRounds "7"]
[EventType "team-swiss"]
[EventDate "2012.09.28"]

1. e4 c6 2. d4 g6 3. Bd3 Bg7 4. c3 d5 5. exd5 cxd5 6. h3 Nf6 7. Nf3 Nc6 8. O-O
O-O 9. Re1 Qc7 10. Nbd2 Nh5 11. Nf1 Kh8 12. Bc2 b5 13. Bg5 Bd7 14. Bxe7 Nxe7
15. Rxe7 Bf6 16. Re1 Nf4 17. Ne3 h5 18. Bb3 Qd6 19. Ne5 Bc8 20. Qf3 Bg5 21.
Bxd5 Nxd5 22. Qxd5 Qxd5 23. Nxd5 Bf5 24. Ne3 Be4 25. Rad1 Rad8 26. b3 Kg7 27.
c4 bxc4 28. bxc4 Rfe8 29. c5 Re6 30. N3c4 Bc2 31. d5 Ree8 32. Rd4 f6 33. Nf3
Rxe1+ 34. Nxe1 Bb1 35. a3 Ba2 36. Nd6 Bc1 37. c6 1-0

[Event "Deutsche Ländermeisterschaft 2012"]
[Site "Hannover GER"]
[Date "2012.09.30"]
[Round "3"]
[White "Kololli, Kevin"]
[Black "Müller, Max"]
[Result "0-1"]
[Termination "normal"]
[Board "7.5"]
[WhiteTitle "12"]
[BlackTitle "14"]
[WhiteElo "1860"]
[BlackElo "1728"]
[WhiteTeam "Schleswig-Holstein"]
[BlackTeam "Saarland"]
[PlyCount "45"]
[WhiteFideId "12936863"]
[BlackFideId "12900486"]
[EventCountry "GER"]
[EventRounds "7"]
[EventType "team-swiss"]
[EventDate "2012.09.28"]

1. e4 c5 2. Nf3 d6 3. d4 cxd4 4. Nxd4 Nf6 5. Nc3 a6 6. Be3 e5 7. Nb3 Be6 8. Be2
Nbd7 9. f3 Qc7 10. Qd2 b5 11. O-O Nb6 12. a4 b4 13. a5 Nc4 14. Bxc4 bxc3 15.
Qxc3 Qxc4 16. Qd2 Rc8 17. Rac1 Be7 18. Qf2 O-O 19. Bb6 Qb5 20. Qe3 Nd7 21. f4
exf4 22. Qf2 Nxb6 23. Nd4 0-1

[Event "Deutsche Ländermeisterschaft 2012"]
[Site "Hannover GER"]
[Date "2012.09.30"]
[Round "3"]
[White "Puffay, Jana"]
[Black "Janke, Hendrik"]
[Result "1-0"]
[Termination "normal"]
[Board "7.6"]
[WhiteTitle "16w"]
[BlackTitle "14"]
[WhiteElo "1433"]
[BlackElo "1787"]
[WhiteTeam "Saarland"]
[BlackTeam "Schleswig-Holstein"]
[PlyCount "57"]
[WhiteFideId "24692360"]
[BlackFideId "12921831"]
[EventCountry "GER"]
[EventRounds "7"]
[EventType "team-swiss"]
[EventDate "2012.09.28"]

1. e4 Nf6 2. Nc3 d6 3. d4 g6 4. Bf4 Bg7 5. Qd2 Nbd7 6. Nf3 Nb6 7. h3 Bd7 8. Bd3
a6 9. O-O h6 10. Rfe1 g5 11. e5 dxe5 12. Bxe5 Bc6 13. Nxg5 Qd7 14. Nge4 Nxe4
15. Nxe4 Bxe5 16. dxe5 O-O-O 17. Qf4 Qd4 18. b3 Rhg8 19. Rad1 Kb8 20. Bxa6 Qxd1
21. Rxd1 Rxd1+ 22. Bf1 Re1 23. Ng3 Rd8 24. c4 Nd7 25. Qxf7 Nxe5 26. Qg7 h5 27.
Nxh5 Bf3 28. Ng3 Rdd1 29. Qf8+ 1-0

[Event "Deutsche Ländermeisterschaft 2012"]
[Site "Hannover GER"]
[Date "2012.09.30"]
[Round "3"]
[White "Köhler, Inken"]
[Black "Müller, Sophie"]
[Result "0-1"]
[Termination "normal"]
[Board "7.7"]
[WhiteTitle "12w"]
[BlackTitle "12w"]
[WhiteElo "1459"]
[BlackElo "1435"]
[WhiteTeam "Schleswig-Holstein"]
[BlackTeam "Saarland"]
[PlyCount "162"]
[WhiteFideId "12929301"]
[BlackFideId "12926698"]
[EventCountry "GER"]
[EventRounds "7"]
[EventType "team-swiss"]
[EventDate "2012.09.28"]

1. e4 e6 2. d4 d5 3. exd5 exd5 4. Bd3 Nf6 5. Bg5 Be7 6. Ne2 O-O 7. O-O Bg4 8.
f3 Bh5 9. Nf4 Bg6 10. Nxg6 hxg6 11. Re1 Re8 12. Nd2 c6 13. c3 Nbd7 14. Nf1 Qc7
15. Qd2 Bd6 16. Qf2 Nh5 17. Qh4 Nf4 18. Bxf4 Bxf4 19. g3 Bd6 20. f4 Nf6 21. f5
gxf5 22. Bxf5 Be7 23. g4 g6 24. Bd3 Ne4 25. Qh3 Ng5 26. Qg2 Qf4 27. Re3 Bd6 28.
Rae1 Rxe3 29. Rxe3 c5 30. Qxd5 Qxg4+ 31. Kh1 Nh3 32. Qg2 Qxg2+ 33. Kxg2 Nf4+
34. Kg1 cxd4 35. cxd4 Nxd3 36. Rxd3 Rc8 37. Ne3 Rc1+ 38. Kg2 Bf4 39. Kh3 Kf8
40. Nd5 Bd6 41. Rd2 Ke8 42. a3 Rf1 43. Kg2 Rf5 44. Ne3 Rh5 45. Ng4 Rg5 46. Kf3
Rf5+ 47. Kg2 Rf4 48. h3 Rf5 49. Ne3 Rg5+ 50. Kf2 Rg3 51. h4 Rh3 52. Re2 Kd7 53.
Ng4 Rxh4 54. Nf6+ Kc7 55. Ne8+ Kd7 56. Nf6+ Kd8 57. Re8+ Kc7 58. Nd5+ Kc6 59.
Ne7+ Bxe7 60. Rxe7 Rxd4 61. Rxf7 Rd2+ 62. Ke1 Rxb2 63. Rf6+ Kb5 64. Rxg6 Ka4
65. Rg5 Rb5 66. Rg3 Rb3 67. Rg5 Rxa3 68. Kd2 b5 69. Rg7 a5 70. Kc2 b4 71. Rg4
Rh3 72. Rg1 Ra3 73. Kb2 Re3 74. Rg2 Re4 75. Ka2 b3+ 76. Kb2 Kb4 77. Kc1 a4 78.
Rd2 a3 79. Rd7 b2+ 80. Kd2 Kb3 81. Rb7+ Ka2 0-1

[Event "Deutsche Ländermeisterschaft 2012"]
[Site "Hannover GER"]
[Date "2012.09.30"]
[Round "3"]
[White "Zimmer, Luca"]
[Black "Schramm, Anna-Lena"]
[Result "1-0"]
[Termination "normal"]
[Board "7.8"]
[WhiteTitle "12"]
[BlackTitle "14w"]
[WhiteElo "1035"]
[BlackElo "1420"]
[WhiteTeam "Saarland"]
[BlackTeam "Schleswig-Holstein"]
[PlyCount "109"]
[WhiteFideId "12921424"]
[BlackFideId "12918237"]
[EventCountry "GER"]
[EventRounds "7"]
[EventType "team-swiss"]
[EventDate "2012.09.28"]

1. e4 e5 2. Nf3 Nc6 3. Bc4 Nf6 4. Ng5 d5 5. exd5 Na5 6. Bb5+ c6 7. dxc6 bxc6 8.
Ba4 h6 9. Nf3 e4 10. Ne5 Qd5 11. f4 Bd6 12. d4 Bxe5 13. fxe5 Nd7 14. O-O Nf8
15. Be3 Ne6 16. Nd2 Nxd4 17. Nb3 Nf3+ 18. gxf3 Qc4 19. Nxa5 Qxa4 20. Nb3 exf3
21. Qxf3 O-O 22. Nd4 Bd7 23. Rf2 Kh7 24. Qh5 Qc4 25. Rf4 Qd5 26. Nf5 Qxe5 27.
Raf1 Be6 28. Rh4 Rg8 29. Bd4 Qd5 30. Bxg7 Qc5+ 31. Rf2 Rxg7+ 32. Nxg7 Qe3 33.
Nxe6 Qxe6 34. Qf5+ Qxf5 35. Rxf5 Kg6 36. Rhf4 Rf8 37. h4 Kg7 38. Rg4+ Kh7 39.
b4 Kh8 40. c4 Kh7 41. b5 cxb5 42. cxb5 Kh8 43. a4 Kh7 44. a5 Kh8 45. b6 axb6
46. axb6 Kh7 47. b7 Rb8 48. Rxf7+ Kh8 49. Rb4 Kg8 50. Rc7 Kf8 51. Rc8+ Rxc8 52.
bxc8=Q+ Ke7 53. Rb6 Kf7 54. Qc7+ Kf8 55. Rb8# 1-0

[Event "Deutsche Ländermeisterschaft 2012"]
[Site "Hannover GER"]
[Date "2012.09.30"]
[Round "3"]
[White "Will, Dominik"]
[Black "Weber, Max"]
[Result "1/2-1/2"]
[Termination "normal"]
[Board "8.1"]
[WhiteTitle "18"]
[BlackTitle "18"]
[WhiteElo "2085"]
[BlackElo "2109"]
[WhiteTeam "Hessen 2"]
[BlackTeam "Mecklenburg-Vorpommern"]
[PlyCount "47"]
[WhiteFideId "4696557"]
[BlackFideId "4624831"]
[EventCountry "GER"]
[EventRounds "7"]
[EventType "team-swiss"]
[EventDate "2012.09.28"]

1. e4 c5 2. Nf3 e6 3. d4 cxd4 4. Nxd4 Nc6 5. Nc3 Qc7 6. Be3 a6 7. Bd3 Nf6 8.
O-O Nxd4 9. Bxd4 Bc5 10. Bxc5 Qxc5 11. Kh1 d6 12. Qe1 e5 13. a3 Be6 14. b4 Qc7
15. f4 Rc8 16. fxe5 dxe5 17. Ne2 O-O 18. Qh4 Nd7 19. Rf3 Rfd8 20. Raf1 Nf8 21.
Qg3 Rd7 22. h4 Kh8 23. h5 h6 24. Ng1 1/2-1/2

[Event "Deutsche Ländermeisterschaft 2012"]
[Site "Hannover GER"]
[Date "2012.09.30"]
[Round "3"]
[White "Ispirjan, Mikael"]
[Black "Elkmann, Janek"]
[Result "0-1"]
[Termination "normal"]
[Board "8.2"]
[WhiteTitle "16"]
[BlackTitle "18"]
[WhiteElo "1940"]
[BlackElo "2033"]
[WhiteTeam "Mecklenburg-Vorpommern"]
[BlackTeam "Hessen 2"]
[PlyCount "46"]
[WhiteFideId "1271217"]
[BlackFideId "24691925"]
[EventCountry "GER"]
[EventRounds "7"]
[EventType "team-swiss"]
[EventDate "2012.09.28"]

1. e4 e5 2. Nf3 Nc6 3. Bb5 f5 4. Qe2 fxe4 5. Qxe4 Nf6 6. Qe2 Bd6 7. Nc3 O-O 8.
d3 Nd4 9. Nxd4 exd4 10. Ne4 Bb4+ 11. Bd2 Bxd2+ 12. Qxd2 c6 13. Ba4 d5 14. Nxf6+
Qxf6 15. O-O Qg6 16. c3 Rf3 17. Qe2 Bg4 18. Bd1 Re8 19. Qc2 Re6 20. h3 Rxh3 21.
Bxg4 Qxg4 22. f3 Qg3 23. Qf2 Qh2# 0-1

[Event "Deutsche Ländermeisterschaft 2012"]
[Site "Hannover GER"]
[Date "2012.09.30"]
[Round "3"]
[White "Bingert, Tim Niklas"]
[Black "Celmer, Ole"]
[Result "1/2-1/2"]
[Termination "normal"]
[Board "8.3"]
[WhiteTitle "14"]
[BlackTitle "20"]
[WhiteElo "1931"]
[BlackElo "1857"]
[WhiteTeam "Hessen 2"]
[BlackTeam "Mecklenburg-Vorpommern"]
[PlyCount "183"]
[WhiteFideId "12917907"]
[BlackFideId "24657107"]
[EventCountry "GER"]
[EventRounds "7"]
[EventType "team-swiss"]
[EventDate "2012.09.28"]

1. e4 e5 2. Nf3 Nc6 3. Bb5 a6 4. Ba4 Nf6 5. d3 Bc5 6. O-O b5 7. Bb3 O-O 8. Bg5
Be7 9. Nbd2 Bb7 10. Re1 h6 11. Bh4 d6 12. c3 Nd7 13. Bxe7 Qxe7 14. Nf1 Nc5 15.
Ne3 Nxb3 16. axb3 Qd7 17. Nh4 Ne7 18. Qh5 Qe6 19. Nef5 Nxf5 20. Nxf5 Qf6 21.
Re3 Bc8 22. Nh4 Qg5 23. Qxg5 hxg5 24. Nf3 f6 25. Ree1 Be6 26. c4 bxc4 27. bxc4
Rfb8 28. Reb1 Rb3 29. Ne1 Bc8 30. Kf1 a5 31. Ra3 Rb6 32. Ke2 Bd7 33. Kd2 Rab8
34. b3 a4 35. Kc3 axb3 36. Rbxb3 Bc6 37. Nc2 Be8 38. Rxb6 Rxb6 39. Ra8 Kf7 40.
Ra7 Ke6 41. Rxc7 Rb1 42. Rxg7 Rf1 43. f3 Rf2 44. Ne3 Bf7 45. Rh7 Re2 46. h4
gxh4 47. Rxh4 Bg6 48. Rh1 Bxe4 49. fxe4 Rxe3 50. Rh3 Re2 51. Rg3 Rf2 52. Kb4
Rb2+ 53. Kc3 Rf2 54. Rg7 Re2 55. g3 Rg2 56. g4 Rf2 57. g5 fxg5 58. Rxg5 Kd7 59.
c5 Kc6 60. cxd6 Kxd6 61. Rg6+ Ke7 62. Kc4 Rf8 63. Rg3 Rd8 64. Rg7+ Kf6 65. Rc7
Rd4+ 66. Kc3 Ke6 67. Rc6+ Ke7 68. Rc4 Rd6 69. Rc5 Ke6 70. Kd2 Rd8 71. Rc6+ Ke7
72. Ke3 Rd4 73. Kf3 Rxd3+ 74. Kg4 Ra3 75. Kf5 Ra5 76. Re6+ Kf7 77. Rc6 Ke7 78.
Re6+ Kf7 79. Rb6 Ke7 80. Rb7+ Kd6 81. Rf7 Rb5 82. Ra7 Rc5 83. Ra6+ Ke7 84. Re6+
Kf7 85. Rxe5 Rxe5+ 86. Kxe5 Ke7 87. Kd5 Kd7 88. e5 Ke7 89. e6 Ke8 90. Kd6 Kd8
91. e7+ Ke8 92. Ke6 1/2-1/2

[Event "Deutsche Ländermeisterschaft 2012"]
[Site "Hannover GER"]
[Date "2012.09.30"]
[Round "3"]
[White "Schmekel, Florian"]
[Black "Keller, Peter"]
[Result "0-1"]
[Termination "normal"]
[Board "8.4"]
[WhiteTitle "14"]
[BlackTitle "14"]
[WhiteElo "1552"]
[BlackElo "1966"]
[WhiteTeam "Mecklenburg-Vorpommern"]
[BlackTeam "Hessen 2"]
[PlyCount "56"]
[WhiteFideId "12913456"]
[BlackFideId "1272105"]
[EventCountry "GER"]
[EventRounds "7"]
[EventType "team-swiss"]
[EventDate "2012.09.28"]

1. d4 Nf6 2. c4 g6 3. Nc3 Bg7 4. e4 d6 5. Be2 O-O 6. Bg5 c5 7. d5 b5 8. cxb5 a6
9. a4 Qa5 10. Qd2 axb5 11. Bxb5 Ba6 12. f3 Qb4 13. Bxa6 Rxa6 14. Rb1 Nbd7 15.
b3 h6 16. Be3 Ng4 17. Nge2 Nxe3 18. Qxe3 Rb6 19. Qd2 c4 20. Nb5 Qc5 21. bxc4
Ne5 22. Ned4 Nxc4 23. Qd3 Bxd4 24. Ke2 Bg7 25. Rbc1 Rc8 26. Rc2 Ra6 27. Qb3
Rxa4 28. Re1 Rb4 0-1

[Event "Deutsche Ländermeisterschaft 2012"]
[Site "Hannover GER"]
[Date "2012.09.30"]
[Round "3"]
[White "Spitzl, Vinzent"]
[Black "Wulf, Constanze"]
[Result "1-0"]
[Termination "normal"]
[Board "8.5"]
[WhiteTitle "12"]
[BlackTitle "16w"]
[WhiteElo "1729"]
[BlackElo "1622"]
[WhiteTeam "Hessen 2"]
[BlackTeam "Mecklenburg-Vorpommern"]
[PlyCount "85"]
[WhiteFideId "12901253"]
[BlackFideId "24692379"]
[EventCountry "GER"]
[EventRounds "7"]
[EventType "team-swiss"]
[EventDate "2012.09.28"]

1. e4 c5 2. Nf3 e6 3. d4 cxd4 4. Nxd4 a6 5. Bd3 Qc7 6. O-O Bc5 7. Be3 Nf6 8.
Nc3 O-O 9. f4 d6 10. Qf3 Nbd7 11. Rae1 b5 12. a3 Bb7 13. Nb3 Bxe3+ 14. Qxe3 e5
15. f5 Rac8 16. Kh1 Nb6 17. Re2 Nc4 18. Bxc4 Qxc4 19. Na5 Qc7 20. Nxb7 Qxb7 21.
Rd1 Rfd8 22. Nd5 Nxd5 23. Rxd5 Rc6 24. Red2 Qc7 25. Qd3 h6 26. c3 Qb8 27. Rxe5
dxe5 28. Qxd8+ Qxd8 29. Rxd8+ Kh7 30. Rd3 Rc4 31. Re3 Kg8 32. Kg1 Kf8 33. Kf2
Ke7 34. Kf3 Rc6 35. Rd3 Rd6 36. Rxd6 Kxd6 37. Ke3 Kc5 38. Kd3 g6 39. fxg6 fxg6
40. b4+ Kb6 41. c4 bxc4+ 42. Kxc4 Kc6 43. a4 1-0

[Event "Deutsche Ländermeisterschaft 2012"]
[Site "Hannover GER"]
[Date "2012.09.30"]
[Round "3"]
[White "Klinge, Sabina"]
[Black "Schneider, Sabrina"]
[Result "1-0"]
[Termination "normal"]
[Board "8.6"]
[WhiteTitle "14w"]
[BlackTitle "14w"]
[WhiteElo "1659"]
[BlackElo "1548"]
[WhiteTeam "Mecklenburg-Vorpommern"]
[BlackTeam "Hessen 2"]
[PlyCount "79"]
[WhiteFideId "12949590"]
[BlackFideId "12951986"]
[EventCountry "GER"]
[EventRounds "7"]
[EventType "team-swiss"]
[EventDate "2012.09.28"]

1. e4 e5 2. Nf3 Nc6 3. d4 exd4 4. Nxd4 Nf6 5. Nxc6 bxc6 6. e5 Qe7 7. Qe2 Nd5 8.
c4 Nb6 9. b3 g6 10. Bb2 Bg7 11. g3 d6 12. Bg2 Bb7 13. O-O O-O 14. Nd2 Nd7 15.
Nf3 Rfe8 16. Rfe1 Rad8 17. Qc2 Qf8 18. Rad1 Nxe5 19. Nxe5 Bxe5 20. Bxe5 Rxe5
21. Qc3 Rde8 22. h3 Qg7 23. Qd2 Rxe1+ 24. Rxe1 Rxe1+ 25. Qxe1 Qe5 26. Qb4 Bc8
27. Qb8 Qe8 28. Qxc7 d5 29. cxd5 cxd5 30. Qxa7 Qd8 31. Qd4 Be6 32. b4 Qa8 33.
Qb2 Qa4 34. Qb3 Qxb3 35. axb3 d4 36. b5 d3 37. b6 d2 38. Bf3 Bxb3 39. b7 d1=Q+
40. Bxd1 1-0

[Event "Deutsche Ländermeisterschaft 2012"]
[Site "Hannover GER"]
[Date "2012.09.30"]
[Round "3"]
[White "Diener, Carolin Valeria"]
[Black "Schamber, Dennis"]
[Result "1/2-1/2"]
[Termination "normal"]
[Board "8.7"]
[WhiteTitle "12w"]
[BlackTitle "12"]
[WhiteElo "1710"]
[BlackElo "1548"]
[WhiteTeam "Hessen 2"]
[BlackTeam "Mecklenburg-Vorpommern"]
[PlyCount "76"]
[WhiteFideId "24699063"]
[BlackFideId "12952176"]
[EventCountry "GER"]
[EventRounds "7"]
[EventType "team-swiss"]
[EventDate "2012.09.28"]

1. e4 c5 2. Nf3 d6 3. d4 cxd4 4. Nxd4 Nf6 5. Nc3 a6 6. a4 e6 7. Be3 Be7 8. Be2
O-O 9. O-O b6 10. Bf3 e5 11. Nb3 Bb7 12. Nc1 Nbd7 13. Nb3 Nc5 14. Nd2 Qc7 15.
Qe2 Rfd8 16. Rfe1 Rac8 17. Rac1 Bc6 18. Bxc5 dxc5 19. Nb3 Qb7 20. Qe3 c4 21.
Nd2 b5 22. axb5 axb5 23. g3 Rd6 24. Rcd1 Rcd8 25. Bg2 Ng4 26. Qe2 Qb6 27. Rf1
Nf6 28. Rfe1 Qb7 29. Qe3 Qd7 30. Nf3 Qc7 31. Rxd6 Bxd6 32. Nh4 b4 33. Nb1 Bb5
34. Nf5 h6 35. Nxd6 Rxd6 36. Qf3 Bc6 37. Qe2 Bb5 38. Qf3 Bc6 1/2-1/2

[Event "Deutsche Ländermeisterschaft 2012"]
[Site "Hannover GER"]
[Date "2012.09.30"]
[Round "3"]
[White "Sadewasser, Lucie"]
[Black "Liez, Tatjana"]
[Result "0-1"]
[Termination "normal"]
[Board "8.8"]
[WhiteTitle "12w"]
[BlackTitle "16w"]
[WhiteElo "1341"]
[BlackElo "1532"]
[WhiteTeam "Mecklenburg-Vorpommern"]
[BlackTeam "Hessen 2"]
[PlyCount "146"]
[WhiteFideId "12905445"]
[BlackFideId "1271769"]
[EventCountry "GER"]
[EventRounds "7"]
[EventType "team-swiss"]
[EventDate "2012.09.28"]

1. e4 e5 2. Nf3 Nc6 3. d4 exd4 4. Nxd4 Bb4+ 5. Nc3 Bxc3+ 6. bxc3 Nge7 7. Bb5 h6
8. Nxc6 Nxc6 9. Bxc6 dxc6 10. Qxd8+ Kxd8 11. Bd2 Be6 12. O-O-O Kc8 13. Kb2 b6
14. Be3 Kb7 15. Rd2 Rae8 16. f3 h5 17. Rhd1 g6 18. Bd4 Rhg8 19. Bf6 c5 20. Rb1
Kc6 21. Ka1 Bc8 22. Bg5 Re6 23. Rbd1 Ree8 24. Rb1 Re6 25. Rbd1 Rd6 26. Rd3 Ba6
27. Rxd6+ cxd6 28. Be7 Re8 29. Bxd6 Rd8 30. e5 Bc4 31. Re1 Be6 32. Kb2 Rd7 33.
Re2 Bc4 34. Re1 Bd5 35. Re2 g5 36. Re1 f6 37. Re2 fxe5 38. Bxc5 Kxc5 39. Rxe5
Rg7 40. Rf5 Kd6 41. g3 Ke6 42. Rf8 Rh7 43. f4 gxf4 44. Rxf4 Ke5 45. Rd4 Be6 46.
a3 Bg4 47. Rb4 Kd5 48. Kb3 Re7 49. h3 Be6 50. g4 hxg4 51. hxg4 Rg7 52. Kb2 Rxg4
53. Rxg4 Bxg4 54. Kb3 Kc5 55. a4 Be6+ 56. Ka3 Kc4 57. a5 b5 58. Kb2 Kc5 59. Ka3
Bc4 60. Kb2 Kc6 61. Ka3 Kb7 62. Kb4 Ka6 63. Ka3 Kxa5 64. Kb2 Kb6 65. Ka3 a5 66.
Kb2 Kc5 67. Ka3 Bd5 68. Kb2 Be4 69. Kb3 Bf5 70. Kb2 Kc4 71. Ka3 Kxc3 72. Ka2
Bxc2 73. Ka1 b4 0-1

[Event "Deutsche Ländermeisterschaft 2012"]
[Site "Hannover GER"]
[Date "2012.10.01"]
[Round "4"]
[White "Carow, Johannes"]
[Black "Geske, Julian"]
[Result "1/2-1/2"]
[Termination "normal"]
[Board "1.1"]
[WhiteTitle "16"]
[BlackTitle "20"]
[WhiteElo "2245"]
[BlackElo "2401"]
[WhiteTeam "Rheinland-Pfalz"]
[BlackTeam "Hessen 1"]
[PlyCount "41"]
[WhiteFideId "24692050"]
[BlackFideId "24605263"]
[EventCountry "GER"]
[EventRounds "7"]
[EventType "team-swiss"]
[EventDate "2012.09.28"]

1. d4 Nf6 2. c4 g6 3. Nc3 Bg7 4. e4 d6 5. f3 O-O 6. Be3 c5 7. Nge2 Qa5 8. Nc1
cxd4 9. Nb3 Qe5 10. Bxd4 Qf4 11. Qc1 Qxc1+ 12. Rxc1 Nc6 13. Be3 Be6 14. Be2 Nd7
15. O-O Nb6 16. Nd2 Bd4 17. Bxd4 Nxd4 18. b3 Rfc8 19. Bd3 Kf8 20. Kf2 Bd7 21.
Ke3 1/2-1/2